书目信息 |
| 题名: |
中华服饰文化
|
|
| 作者: | 李燕 , 罗日明 主编 | |
| 分册: | ||
| 出版信息: | 北京 海豚出版社 2022.08 |
|
| 页数: | 140页 | |
| 开本: | 24cm | |
| 丛书名: | 新时代中华传统文化知识丛书 | |
| 单 册: | ||
| 中图分类: | TS941.12 | |
| 科图分类: | ||
| 主题词: | 服饰文化--fu shi wen hua--中国 | |
| 电子资源: | ||
| ISBN: | 978-7-5110-6003-7 | |
| 000 | 01504nam 2200277 450 | |
| 001 | CAL 012022004703 | |
| 005 | 20230217093111.0 | |
| 010 | @a978-7-5110-6003-7@dCNY39.80 | |
| 100 | @a20220830d2022 em y0chiy0120 ea | |
| 101 | 0 | @achi |
| 102 | @aCN@b110000 | |
| 105 | @aa z 000yy | |
| 106 | @ar | |
| 200 | 1 | @a中华服饰文化@Azhong hua fu shi wen hua@f主编李燕, 罗日明 |
| 210 | @a北京@c海豚出版社@d2022.08 | |
| 215 | @a140页@c彩图@d24cm | |
| 225 | 2 | @a新时代中华传统文化知识丛书@Axin shi dai zhong hua chuan tong wen hua zhi shi cong shu |
| 314 | @a李燕, 北方工业大学副教授, 博士, 主要从事汉语国际教育和汉文化推广工作。罗日明, 高中语文正高级教师, 全国优秀语文教师, 广东省基础教育系统新一轮“百千万人才培养工程”首批高中文科类名教师培养对象。 | |
| 330 | @a本书是一本中华传统文化知识普及读物。中华传统文化源远流长, 博大精深, 中华服饰作为其中的一项, 是中华民族民族风貌的体现, 它见证了王朝的更替、历史的变迁。中华民族数千年的历史长河中, 我们的服饰经历了不同的发展变化, 从秦汉时期的朴实、魏晋南北朝时期的秀美、隔唐五代时期的华贵, 到宋代时期的淡雅、明清时期的华丽, 各式各样的服饰散发着无与伦比的美丽。本书按照历史发展的顺序, 选取了历朝历代具有代表性的传统服饰, 做了简单的介绍, 通过通俗易懂的语言, 帮助读者领略中华服饰文化的魅力。 | |
| 410 | 0 | @12001 @a新时代中华传统文化知识丛书 |
| 606 | 0 | @a服饰文化@Afu shi wen hua@y中国 |
| 690 | @aTS941.12@v5 | |
| 701 | 0 | @a李燕@Ali yan@4主编 |
| 701 | 0 | @a罗日明@Aluo ri ming@4主编 |
| 801 | 0 | @aCN@bBJXHZP@c20230222 |
| 905 | @b1393445-8@dTS941.12@e122@f4 | |
| 中华服饰文化/主编李燕, 罗日明.-北京:海豚出版社,2022.08 |
| 140页:彩图;24cm.-(新时代中华传统文化知识丛书) |
| ISBN 978-7-5110-6003-7:CNY39.80 |
| 本书是一本中华传统文化知识普及读物。中华传统文化源远流长, 博大精深, 中华服饰作为其中的一项, 是中华民族民族风貌的体现, 它见证了王朝的更替、历史的变迁。中华民族数千年的历史长河中, 我们的服饰经历了不同的发展变化, 从秦汉时期的朴实、魏晋南北朝时期的秀美、隔唐五代时期的华贵, 到宋代时期的淡雅、明清时期的华丽, 各式各样的服饰散发着无与伦比的美丽。本书按照历史发展的顺序, 选取了历朝历代具有代表性的传统服饰, 做了简单的介绍, 通过通俗易懂的语言, 帮助读者领略中华服饰文化的魅力。 |
| ● |
| 相关链接 |
|
|
|
|
正题名:中华服饰文化
索取号:TS941.12/122
 
预约/预借
| 序号 | 登录号 | 条形码 | 馆藏地/架位号 | 状态 | 备注 |
| 1 | 1393445 | 213934457 | 第二样本阅览室/ [索取号:TS941.12/122] | 在馆 | |
| 2 | 1393446 | 213934466 | 第三借阅区/ [索取号:TS941.12/122] | 在馆 | |
| 3 | 1393447 | 213934475 | 第三借阅区/ [索取号:TS941.12/122] | 在馆 | |
| 4 | 1393448 | 213934484 | 第三借阅区/ [索取号:TS941.12/122] | 在馆 |